Návrhy a opatrenia na riešenie problematiky nákupu materiálu vo vzťahu k procesom zavádzania nových výrobkov a k požiadavkám ochrany životného prostredia v SACHS Slovakia, a. s. : Diplomová práca

Na minha lista:
Detalhes bibliográficos
Autor principal: Horváth, Martin (Author)
Outros Autores: Sakál, Peter, 1951- (xxx)
Formato: Manuscrito Livro
Idioma:eslovaco
Publicado em: Trnava : STU v Bratislave MtF KMK, 2002
Assuntos:
Tags: Adicionar Tag
Sem tags, seja o primeiro a adicionar uma tag!

MARC

LEADER 00000ntm a22000003a 4500
001 stu77206
005 20160719155005.2
008 020917s2002----xo------------------slo-d
040 |a STU  |b slo 
041 0 |a slo 
044 |a xo 
100 1 |a Horváth, Martin  |4 aut 
245 1 |a Návrhy a opatrenia na riešenie problematiky nákupu materiálu vo vzťahu k procesom zavádzania nových výrobkov a k požiadavkám ochrany životného prostredia v SACHS Slovakia, a. s. :  |b Diplomová práca 
260 |a Trnava :  |b STU v Bratislave MtF KMK,  |c 2002 
300 |a 70 s  |c abstr. + príl. 
650 7 |a nákup materiálu  |2 stusub 
650 7 |a nové výrobky  |2 stusub 
650 7 |a ochrana životného prostredia  |2 stusub 
650 7 |a priemyselné inžinierstvo  |2 stusub 
700 1 |a Sakál, Peter,  |d 1951-  |4 xxx  |u M4000  |U MTF Materiálovotechnologická fakulta  |T MTF Ústav priemyselného inžinierstva a manažmentu  |X 325  |U M4000  |Y 84  |7 A000000325